[Event "XXXV Abierto Ciudad de Sevilla"]
[Site "?"]
[Date "2010.01.10"]
[Round "3"]
[White "Scharrer, Patrick"]
[Black "Andersson, Ulf"]
[Result "0-1"]
[WhiteElo "2289"]
[BlackElo "2575"]
[PlyCount "74"]
[EventDate "2010.01.08"]
[SourceDate "2010.01.08"]

1. e4 c5 2. Nf3 Nc6 3. d3 g6 4. g3 Bg7 5. Bg2 Nf6 6. O-O O-O 7. c3 e5 8. Re1 d5
9. Nbd2 Re8 10. exd5 Nxd5 11. Qb3 {la alternativa es 11.Cc4} Na5 {
también se ha jugado 11...Cc7 y 11..Cb6} 12. Qa4 (12. Qa3 b6 13. Nc4 Nc6 14.
Qb3 h6 15. Ncxe5 Bxe5 16. Nxe5 Nxe5 17. Bg5 hxg5 18. Qxd5 Qxd5 19. Bxd5 Bb7 20.
Bxb7 Nxd3 21. Bxa8 Nxe1 22. Bc6 Re6 23. Bd5 Re5 24. Rd1 g4 25. Kf1 Nf3 26. h3
Kg7 27. hxg4 Nh2+ 28. Kg2 Nxg4 29. Bf3 Nf6 {
1/2-1/2 Boensch,U-Gerusel,M/Leipzig 1975}) 12... Rb8 (12... Bd7 $5) 13. Nb3
Nxb3 14. Qxb3 Nc7 15. Ng5 Ne6 16. Nxe6 Bxe6 17. Qa3 Qb6 18. Be3 Bf8 19. b4 cxb4
20. Bxb6 bxa3 21. Bxa7 Rbd8 22. d4 exd4 23. cxd4 Bg7 {Diagrama #} 24. Bc5 $2 {
El blanco había jugado con corrección pero ahora se imponía solucionar el
problema de a2con} (24. Red1 b5 25. Bc5 Bc4 26. Bf1) 24... Bxd4 $17 25. Bxd4
Rxd4 26. Bxb7 $6 (26. Bh3 b5 27. Bxe6 Rxe6 28. Rxe6 fxe6 29. Rb1 b4 $19) ({
tal vez resistía más} 26. Re3 Red8 27. Be4 b5 28. Bc2 b4 29. Bb3) 26... Rb8 $19
27. Bc6 Rb6 28. Be4 Rbb4 29. Bc6 Rdc4 30. Bh1 {?qué tendrá de malo g2?} Rc2 31.
Re3 Ra4 32. Ree1 Rxa2 33. Rxa2 Bxa2 34. Ra1 Be6 35. Bc6 Rc4 36. Bf3 a2 37. Kg2
Rb4 0-1

[Event "XXXV Abierto Ciudad de Sevilla"]
[Site "?"]
[Date "2010.01.10"]
[Round "3"]
[White "Carretero Ortiz, Francisco"]
[Black "Hickl, Joerg"]
[Result "0-1"]
[WhiteElo "2243"]
[BlackElo "2572"]
[PlyCount "52"]
[EventDate "2010.01.08"]
[SourceDate "2010.01.08"]

1. e4 g6 2. d4 d6 3. Nc3 Bg7 4. f4 a6 5. Nf3 b5 6. Bd3 Nd7 7. a4 b4 8. Ne2 e6
9. c4 Ne7 10. O-O O-O 11. Qc2 Rb8 12. Be3 c5 13. d5 exd5 14. exd5 Nf6 15. Rae1
(15. Ng3 b3 16. Qd2 Ng4 17. Rfe1 Re8 18. h3 Nxe3 19. Rxe3 $11) 15... Nf5 16.
Bc1 Ng4 {Diagrama #} 17. Ng3 $2 (17. Qb3) 17... Bd4+ $17 18. Nxd4 Nxd4 19. Qb1
Qh4 20. h3 Qxg3 21. hxg4 Bxg4 22. Re3 Qh4 23. f5 Rbe8 24. Rf4 Rxe3 25. Bxe3 Qg3
26. Re4 Bf3 0-1

[Event "XXXV Abierto Ciudad de Sevilla"]
[Site "?"]
[Date "2010.01.10"]
[Round "3"]
[White "Vazquez Igarza, Renier"]
[Black "Diaz Castro, Sergio"]
[Result "1-0"]
[WhiteElo "2560"]
[BlackElo "2231"]
[PlyCount "79"]
[EventDate "2010.01.08"]
[SourceDate "2010.01.08"]

1. d4 Nf6 2. c4 e6 3. Nf3 Bb4+ 4. Bd2 Bxd2+ 5. Qxd2 d5 6. Nc3 b6 7. cxd5 exd5
8. g3 O-O 9. Bg2 Bb7 10. O-O Ne4 11. Qc2 Nd7 12. Rfd1 Qe7 13. Rac1 c5 14. dxc5
Nxc3 15. Qxc3 bxc5 16. e3 Rfc8 17. Nh4 Qe6 18. Qa5 h6 19. b3 g6 20. Nf3 Qb6 21.
Qc3 a5 22. Ne5 Nxe5 23. Qxe5 Qe6 24. Qf4 {Diagrama #} a4 $2 (24... Kh7) 25.
Qxh6 axb3 26. axb3 Ra2 27. Qg5 Rb2 28. Bxd5 Bxd5 29. Qxd5 Rxb3 30. Rxc5 Rxc5
31. Qxc5 Rb8 32. Qd5 Qf6 33. Qd6 Qb2 34. h4 Rc8 35. Qd4 Qb3 36. Qd5 Qa4 37. Kg2
Qg4 38. Rd4 Qe2 39. Rf4 Rf8 40. e4 1-0

[Event "XXXV Abierto Ciudad de Sevilla"]
[Site "?"]
[Date "2010.01.10"]
[Round "3"]
[White "Rivas Pastor, Manuel"]
[Black "Torres Maesso, Pedro"]
[Result "1-0"]
[WhiteElo "2531"]
[BlackElo "2174"]
[PlyCount "43"]
[EventDate "2010.01.08"]
[SourceDate "2010.01.08"]

{Aunque la posición negra parecía aceptable tras 17 jugadas, Rivas demuestra
que no es así} 1. d4 f5 2. Nf3 Nf6 3. c4 d6 4. g3 g6 5. Bg2 Bg7 6. Nc3 O-O 7.
O-O Qe8 8. d5 Na6 9. Rb1 c5 10. dxc6 bxc6 11. b4 Bd7 12. Qa4 {
se ha jugado 12.b5 y 12.Aa3} Qc8 {más usual es 12...Cc7} 13. Qa5 Ng4 {
se ha jugado} (13... Nh5 14. Bb2 f4 15. Ne4 {
Bradford,J-Gurevich,D/Las Vegas 1993}) 14. Bd2 e5 15. h3 Nf6 16. Rfd1 e4 17.
Nh2 ({si} 17. Nd4 Nxb4) 17... Be6 {Diagrama #} 18. Bf4 $14 Ne8 $6 (18... Bxc4
19. Bxd6 Rd8 20. Be5 $14) 19. Rbc1 Bxc4 $2 (19... Qb7) 20. Nxe4 d5 $6 (20...
Bxe2 21. Nxd6 Qd8 (21... Nxd6 22. Rxd6 $18) 22. Qa4 $1 Bxd1 23. Rxd1 Qb6 24.
Bxc6 Nxd6 25. Bxa8 $18) 21. Nd2 $18 Bxe2 22. Re1 1-0

[Event "XXXV Abierto Ciudad de Sevilla"]
[Site "?"]
[Date "2010.01.10"]
[Round "3"]
[White "Perez Garcia, Roberto"]
[Black "Pogorelov, Ruslan"]
[Result "0-1"]
[WhiteElo "2172"]
[BlackElo "2474"]
[PlyCount "70"]
[EventDate "2010.01.08"]
[SourceDate "2010.01.08"]

1. e4 c5 2. Nf3 e6 3. d4 cxd4 4. Nxd4 Nc6 5. Nc3 Qc7 6. Be3 a6 7. f4 b5 8. Be2
Bb7 9. Nb3 d6 10. Bf3 Nf6 11. Qe2 Be7 12. O-O-O {pese al futuro ataque a la
bayoneta el rey blanco está más seguro en g1 que en b1} O-O 13. g4 Nd7 14. Qf2
Na5 15. Nxa5 Qxa5 16. Kb1 Rac8 17. e5 ({
una posible línea de ataques mutuos sería} 17. g5 b4 18. Ne2 Rc7 19. Nd4 Rfc8
20. h4 Qa4 21. Rd2) 17... Bxf3 18. Qxf3 d5 19. Bd4 b4 20. Ne2 Qc7 21. Rd2 {
Diagrama #} f6 ({otro plan es} 21... a5 22. h4 a4 23. h5 Nb6 24. g5 Nc4 25.
Rdd1 Qa5 {preparando b3}) 22. Qe3 (22. exf6 $5 Bxf6 23. Qe3 Rce8 24. g5 Bxd4
25. Rxd4 e5 26. Rxb4) 22... fxe5 23. Bxe5 Nxe5 24. fxe5 Qc4 25. h3 Bc5 $17 26.
Qd3 Rf2 27. Nc1 (27. Qxc4 dxc4 28. Re1 $15) 27... Qxd3 28. Rxd3 Be7 29. c3 $17
a5 30. Rhd1 $6 (30. cxb4 Bxb4 31. Rb3) 30... a4 31. cxb4 Rcc2 32. Ra3 $6 (32.
Rc3 Rxb2+ 33. Ka1 Bxb4 34. Rc8+ Kf7 35. Nd3 Rxa2+ 36. Kb1 Rh2 37. Rf1+ Kg6 38.
Rc6 h6 $19) 32... Rxb2+ 33. Ka1 Bxb4 34. Re3 Rbd2 35. Rg1 Bc5 0-1

[Event "XXXV Abierto Ciudad de Sevilla"]
[Site "?"]
[Date "2010.01.10"]
[Round "3"]
[White "Melero Fidalgo, Juan De Dios"]
[Black "Starostits, Ilmars"]
[Result "0-1"]
[WhiteElo "2162"]
[BlackElo "2471"]
[PlyCount "76"]
[EventDate "2010.01.08"]
[SourceDate "2010.01.08"]

1. d4 Nf6 2. c4 e6 3. Nf3 b6 4. e3 c5 5. Bd3 Bb7 6. O-O Be7 7. Nc3 cxd4 8. exd4
d5 9. b3 O-O 10. Bb2 Nc6 11. cxd5 Nxd5 12. Rc1 (12. Nxd5 Qxd5 13. Re1) 12...
Ncb4 13. Nxd5 Qxd5 14. Bc4 Qh5 15. a3 Nd5 $15 16. Ne5 Qg5 17. g3 f5 $6 18. Re1
Rad8 (18... Bd6) 19. Nc6 Bxc6 20. Rxe6 Rd6 21. f4 (21. Qe2 Kh8 22. Bxd5 Bxd5
23. Rxe7 $16) 21... Rxe6 22. fxg5 Bxg5 23. Qf3 Bxc1 24. Bxd5 Be3+ 25. Kg2 Bxd5
26. Qxd5 Rfe8 27. Qxf5 $16 Rf6 28. Qd5+ Kh8 29. Bc3 Rf2+ 30. Kh3 Rc2 31. Bb4 $2
(31. Qd7 Rg8 32. Bb4 a5 33. Be7) 31... Bg1 {Diagrama #} 32. Qd7 $2 (32. Kg4
Rxh2 33. Qc6 Rhe2 34. Bc3 $11) 32... Rxh2+ 33. Kg4 Re4+ 34. Kf3 (34. Kf5 Rhe2
35. Bd6 $11) 34... Re3+ 35. Kf4 (35. Kg4 h5+ 36. Kf5 Rf2+ 37. Kg5 Rxg3+ 38. Kh4
Rg6 $19) 35... Rf2+ 36. Kg4 Re4+ 37. Kg5 h6+ 38. Kh5 Kh7 0-1

[Event "XXXV Abierto Ciudad de Sevilla"]
[Site "?"]
[Date "2010.01.10"]
[Round "3"]
[White "Barrios Muñoz, Rafael"]
[Black "Berbatov, Kiprian"]
[Result "0-1"]
[WhiteElo "2152"]
[BlackElo "2455"]
[PlyCount "60"]
[EventDate "2010.01.08"]
[SourceDate "2010.01.08"]

1. d4 Nf6 2. Bg5 e6 3. Nd2 c5 4. e3 cxd4 5. exd4 Be7 6. Ngf3 b6 7. Bd3 Ba6 8.
Nc4 O-O 9. O-O Nc6 10. c3 Qc7 11. Rc1 (11. Nce5) 11... Nd5 12. Ne3 Nxe3 13.
fxe3 Bxd3 14. Qxd3 f5 15. Bf4 Bd6 16. Nd2 (16. d5 $5) 16... Bxf4 17. exf4 b5
18. Rf2 (18. Nb3) 18... Rab8 19. Re1 Ne7 20. Nf3 Nd5 {Diagrama #} 21. Ng5 $2 (
21. Ne5) 21... Nxf4 22. Qf3 Nd5 23. g4 h6 24. Rxe6 hxg5 25. Re5 Nf4 26. gxf5 d6
27. Re3 Rxf5 28. Qd1 Rbf8 29. Qb3+ Qc4 30. Qxc4+ bxc4 0-1

[Event "XXXV Abierto Ciudad de Sevilla"]
[Site "?"]
[Date "2010.01.10"]
[Round "3"]
[White "Hamdouchi, Hicham"]
[Black "Saravanan, V."]
[Result "1/2-1/2"]
[WhiteElo "2601"]
[BlackElo "2356"]
[PlyCount "72"]
[EventDate "2010.01.08"]
[SourceDate "2010.01.08"]

1. e4 e5 2. Nf3 Nc6 3. Nc3 Nf6 4. Bb5 Bb4 5. O-O O-O 6. d3 d6 7. Bg5 Bxc3 8.
bxc3 Qe7 9. Re1 Nd8 10. d4 Ne6 11. Bd2 c5 12. Rb1 Qc7 13. dxe5 (13. d5 $5)
13... dxe5 14. Bc4 Rd8 15. Qe2 $11 h6 16. Nh4 Nf8 17. Nf5 Be6 18. Bxe6 Nxe6 19.
Bc1 Rd7 20. Qf3 h5 21. h4 Rad8 22. Ng3 Qa5 23. Bg5 Nxg5 24. hxg5 Ne8 25. Qxh5
g6 26. Qh6 Qxa2 27. Nf1 Qxc2 28. Rbc1 Qa4 29. Re3 $2 (29. Qh2) 29... Rd3 $17
30. Rce1 Qc6 $6 (30... Qc2 $19) 31. Qh2 Qe6 $17 32. Rxd3 (32. c4) 32... Rxd3
33. Ne3 {Diagrama #} f5 $2 (33... Rxc3 $19) 34. exf5 gxf5 35. c4 Rd4 36. Qh3
Ng7 1/2-1/2

[Event "XXXV Abierto Ciudad de Sevilla"]
[Site "?"]
[Date "2010.01.10"]
[Round "3"]
[White "Lanzani, Mario"]
[Black "Burmakin, Vladimir"]
[Result "0-1"]
[WhiteElo "2369"]
[BlackElo "2590"]
[PlyCount "93"]
[EventDate "2010.01.08"]
[SourceDate "2010.01.08"]

1. Nf3 d5 2. g3 c6 3. Bg2 Bf5 4. O-O e6 5. d3 Nf6 6. Nc3 h6 7. Qe1 Be7 (7...
Bh7 8. e4 dxe4 9. dxe4 Bb4 10. Bd2 O-O 11. Rd1 Qc7 12. Nb5 cxb5 13. Bxb4 Rc8
$14 {Nei,I-Furman,S/URS/1963/}) 8. e4 Bh7 9. Qe2 O-O 10. Rb1 {
otras posibilidades son 10.e5 o 10.Ce5} Na6 11. a3 Nc7 12. Bf4 Re8 13. e5 Nd7
14. h4 c5 15. b4 b6 16. bxc5 bxc5 17. a4 Qc8 18. Nb5 Nxb5 19. axb5 a6 20. bxa6
Qxa6 21. Nd2 Qa2 22. Rb7 $6 (22. Rfc1) 22... Nf8 ({era interesante} 22... Qxc2
23. Rxd7 Bxd3 24. Qd1 Qb2 25. Qb3 Qxb3 26. Nxb3 Bxf1 27. Bxf1 c4 $17) 23. Rc1
Rab8 24. Rxb8 Rxb8 $15 25. Qd1 Qa5 26. h5 Rb2 27. Bf1 Qa4 28. Nb3 Ra2 29. Ra1
Rxa1 30. Qxa1 Qxa1 31. Nxa1 Nd7 32. Nb3 Kf8 33. g4 Bd8 34. Bg3 Bb6 {Diagrama #}
35. Kg2 $2 (35. c4) 35... c4 36. Nc1 Bd4 37. dxc4 (37. f4 Bb2 38. Na2 cxd3 39.
Bxd3 Bxd3 40. cxd3 Nc5 $17) 37... Bxc2 38. cxd5 exd5 39. f4 Nc5 40. Bf2 Bxf2
41. Kxf2 d4 42. Ke1 Be4 43. Kd2 Ne6 44. f5 Nc5 45. Bc4 (45. Bd3) 45... Nd7 46.
e6 {Diagrama #} Ne5 {0-1 Lanzani abandonó, pero podía seguir con 47.Ae2 fxe6
48.fx6 Re7 49.Cb3 d3 50.Cc5 dxe2 51.Cxe4 Cxg4 52.Rxe2 Rxe6 53.Rf3 Cf6 54.Cg3
Re5 55.Re3} 47. Be2 0-1

[Event "XXXV Abierto Ciudad de Sevilla"]
[Site "?"]
[Date "2010.01.10"]
[Round "3"]
[White "Spraggett, Kevin"]
[Black "Diogo, Vasco"]
[Result "1-0"]
[WhiteElo "2586"]
[BlackElo "2303"]
[PlyCount "83"]
[EventDate "2010.01.08"]
[SourceDate "2010.01.08"]

1. c4 e5 2. Nc3 Nc6 3. g3 g6 4. Bg2 Bg7 5. d3 Nge7 6. Rb1 a5 7. a3 f5 8. e3 O-O
9. Nge2 g5 10. f4 gxf4 11. exf4 d6 12. O-O Be6 13. Nd5 Ng6 14. Be3 Nd4 15. fxe5
Nxe2+ 16. Qxe2 dxe5 17. Nc3 {para provocar debilidades en el flanco de dama} c6
18. Na4 Rf7 19. Kh1 f4 {rompiendo el status quo; la torre negra está atada a
a5 por la amenaza Ab6 y el negro decide terminar con el juego de maniobras} 20.
Nc5 Bf5 {Diagrama #} 21. Bd2 ({el peón podía aceptarse con} 21. gxf4 exf4 22.
Bxf4 Bd4 (22... b6 23. Ne4 Nxf4 24. Rxf4 $16) {
pero tal vez a Spraggett no le convenció del todo el final} 23. Ne4 Bxe4 24.
Qxe4 Nxf4 25. Rxf4 Rxf4 26. Qxf4 Qf6 27. Qxf6 Bxf6) 21... Qd4 22. Ne4 Rd8 23.
Bxa5 Qxd3 24. Rbe1 Qxe2 25. Rxe2 Rd4 {el negro está mejor y amenaza f3} 26.
Ree1 (26. b3 $2 Bg4 27. Ref2 (27. Bf3 fxg3 $19) 27... f3 $19) (26. Rfe1 Be6 $17
) 26... f3 ({una forma más sencilla de mantener la iniciativa era} 26... fxg3
27. Nxg3 Bd3 28. Rxf7 Kxf7 29. Be4 Nf4) 27. Rxf3 Rxe4 28. Ref1 Re2 ({
a considerar} 28... Ne7 29. Bd8 Rxc4 30. Bxe7 Rxe7 31. Rxf5 e4 $17) 29. Rxf5
Rxf5 30. Rxf5 Rxb2 31. Rf1 Rc2 $6 (31... Bf8 $15) 32. Bh3 e4 33. Bf5 Ne5 34.
Bxe4 Rxc4 35. Bf5 Ra4 36. Bb4 b6 37. Bd6 Ra8 (37... h6) 38. Be6+ Kh8 39. Rb1 b5
40. Rc1 {Diagrama #} Bf6 $2 (40... Re8 41. Bb3 Bf8 $11) 41. Rc5 $16 Re8 $2 (
41... Nd3 42. Rxc6 $16) 42. Rxe5 1-0

[Event "XXXV Abierto Ciudad de Sevilla"]
[Site "?"]
[Date "2010.01.10"]
[Round "3"]
[White "Sgnaolin, Davide"]
[Black "Matamoros Franco, Carlos"]
[Result "0-1"]
[WhiteElo "2220"]
[BlackElo "2545"]
[PlyCount "56"]
[EventDate "2010.01.08"]
[SourceDate "2010.01.08"]

1. e4 e6 2. d4 d5 3. Nd2 Nf6 4. e5 Nfd7 5. Ngf3 c5 6. c3 Nc6 7. Bd3 h6 8. O-O
g5 9. h3 (9. c4 $5 g4 $6 10. cxd5 exd5 11. e6) 9... h5 {Diagrama #} 10. g4 $6 (
10. c4) 10... hxg4 11. hxg4 Qb6 12. Re1 (12. Qa4) 12... cxd4 13. cxd4 Nxd4 14.
Nxd4 Qxd4 15. Nb3 Qa4 16. Bxg5 Rg8 17. f4 Be7 18. Bh6 Bf8 19. Bg5 Rxg5 20. fxg5
Qf4 {Diagrama #} 21. Rc1 $2 (21. Bb5) 21... Qg3+ 22. Kf1 Nxe5 23. Bb5+ Bd7 24.
Bxd7+ Kxd7 25. Qe2 (25. Rxe5 Qxe5 26. Qf3) 25... Nd3 $19 26. g6 Bb4 27. Red1
fxg6 28. Qg2 Rf8+ 0-1

[Event "XXXV Abierto Ciudad de Sevilla"]
[Site "?"]
[Date "2010.01.10"]
[Round "3"]
[White "Franco Ocampos, Zenon"]
[Black "Urbina Perez, Juan Antonio"]
[Result "1/2-1/2"]
[WhiteElo "2535"]
[BlackElo "2197"]
[PlyCount "115"]
[EventDate "2010.01.08"]
[SourceDate "2010.01.08"]

1. d4 d5 2. c4 c6 3. Nf3 Nf6 4. e3 Bg4 5. h3 Bxf3 6. Qxf3 e6 7. Nc3 Nbd7 8. Bd3
Bb4 9. O-O O-O 10. Rd1 Qe7 11. Bf1 Rfe8 12. Bd2 h6 13. Qe2 Ne4 14. cxd5 cxd5
15. Nxe4 dxe4 16. Qb5 Bxd2 17. Rxd2 Nf6 18. Rc1 Rec8 19. Rdc2 Rxc2 20. Rxc2 Nd5
21. a3 a6 22. Qc4 Qd7 23. g3 Nb6 24. Qb3 Rc8 25. Rc5 Nd5 26. Qc2 Rxc5 27. dxc5
Qc7 28. g4 Qe5 29. Qb3 Qc7 30. Bg2 Nf6 31. Qb4 Nd7 32. Qxe4 Nxc5 33. Qc4 b5 34.
Qc3 Qd6 35. b4 Qd1+ 36. Kh2 Qd6+ 37. f4 Nd7 38. Bb7 Qb6 39. Bf3 Qd6 40. Kg2 Nb6
41. Kf2 Nc4 42. a4 Nb6 43. axb5 axb5 44. Ke2 Na4 45. Qd2 Qc7 46. Kf2 Nb6 47.
Qd4 Nc4 48. Ke2 Qd6 (48... Qe7 $11) 49. Qxd6 Nxd6 50. Kd3 Kf8 51. Kd4 Ke7 52.
Kc5 g5 53. Bc6 (53. Be2 Ne4+ 54. Kd4 Nf2 55. Bxb5 Nxh3 56. Ke4 Kd6 57. Kf3 gxf4
58. exf4 e5 59. fxe5+ Kxe5) 53... Nc4 54. fxg5 hxg5 55. e4 Nd6 56. e5 Nc4 {
Diagrama #} 57. Be4 (57. Kd4 Na3 (57... Nb6 58. Bxb5 Nd5 59. Kc5 Nf4 60. Bf1)
58. Bf3 f6 59. exf6+ Kxf6 60. Bc6 e5+ 61. Kc5 Ke6 62. Be4 Kf6 63. Bf5 e4 64.
Bxe4 Ke5 65. Bd3 Kf4 66. Bxb5 Kg3 67. Bf1 $18) 57... Nxe5 58. Kxb5 1/2-1/2

[Event "XXXV Abierto Ciudad de Sevilla"]
[Site "?"]
[Date "2010.01.10"]
[Round "3"]
[White "Fernandez Romero, Ernesto"]
[Black "Ferrer Garcia, Isaac"]
[Result "1/2-1/2"]
[WhiteElo "2458"]
[BlackElo "2161"]
[PlyCount "94"]
[EventDate "2010.01.08"]
[SourceDate "2010.01.08"]

1. e4 c5 2. Nc3 g6 3. Nf3 Bg7 4. d4 cxd4 5. Nxd4 Nc6 6. Be3 Nf6 7. Bc4 O-O 8.
Bb3 a5 9. O-O d6 10. f3 Nxd4 11. Bxd4 Bd7 12. a4 Bc6 13. Kh1 Nd7 14. Bxg7 Kxg7
15. Bc4 {la teoría señala aquí 15.f4 o 15.Dd4+} ({
Postny: Comes to consideration} 15. f4 Qb6 16. Ra2 Qb4 17. Re1 e6 18. Ra1 Nc5
19. Na2 Qb6 20. Qd4+ Kg8 21. Rad1 {1/2-1/2 Short,N-Wojtkiewicz,A/Reykjavik 2000
}) (15. Qd4+ Kg8 16. Qd2 Qb6) 15... Qb6 16. Bb5 Qc5 17. Ra3 Nf6 18. Qd2 Rfc8
19. Rb3 Qa7 20. Be2 Bd7 (20... Qc5) 21. f4 $14 Be6 (21... Bc6) 22. Rb5 $17 {
Diagrama #} Bc4 $2 23. Rg5 $2 (23. e5 $18) 23... Bxe2 24. Qxe2 Qd4 25. Rd1 Qc4
26. Qf3 d5 27. Nxd5 $6 (27. exd5 $16) 27... Qxe4 28. Nxf6 (28. Nc3 Qxc2 29. Rb5
$15) 28... Qxf3 29. Ne8+ Kf8 30. gxf3 Kxe8 $15 31. c3 b6 32. Rb5 Rc6 33. f5 Rd8
34. Rxd8+ Kxd8 35. fxg6 hxg6 36. Kg2 Kc7 37. Re5 Kd6 38. Re4 Rc5 39. Kg3 f5 40.
Rh4 Ke5 41. Rh8 Kd5 42. Rb8 Rc6 43. b3 e5 44. Rd8+ Ke6 45. Re8+ Kd5 46. Rd8+
Ke6 47. Re8+ Kd5 1/2-1/2

[Event "XXXV Abierto Ciudad de Sevilla"]
[Site "?"]
[Date "2010.01.10"]
[Round "3"]
[White "Lemos, Damian"]
[Black "Fernandez Troncoso, Francisco"]
[Result "1-0"]
[WhiteElo "2544"]
[BlackElo "2213"]
[PlyCount "83"]
[EventDate "2010.01.08"]
[SourceDate "2010.01.08"]

1. d4 Nf6 2. c4 g6 3. Nc3 Bg7 4. e4 d6 5. h3 O-O 6. Bg5 Qe8 7. Bd3 e5 8. d5 Nh5
9. Nge2 f5 10. f3 Na6 11. Qd2 Nc5 12. Bc2 a5 13. Be3 b6 14. O-O-O fxe4 15. Nxe4
Nxe4 16. Bxe4 Ba6 17. Qc2 b5 18. c5 b4 19. Rhe1 a4 20. c6 (20. Qd2) 20... Qb8
$17 21. Qd2 Bc4 22. Kb1 Nf6 23. Ng3 Ra5 24. Bg5 Nxd5 $19 25. Rc1 Qb5 26. Bxd5+
Bxd5 27. Red1 Bxc6 28. Bh6 Rf7 29. Bxg7 Rxg7 30. Qg5 Ra8 31. Rd2 Bd5 32. Qe3 c6
33. Ne4 Bxe4+ $2 (33... Rd8 $19) 34. Qxe4 b3 35. a3 d5 $2 (35... Rd8) 36. Qxe5
$11 Rf7 37. Qe6 Ra6 38. h4 Qb7 39. Qe8+ Rf8 40. Qe6+ Qf7 41. Qe2 Qf5+ 42. Ka1 {
Diagrama # Ilegible} 1-0

[Event "XXXV Abierto Ciudad de Sevilla"]
[Site "?"]
[Date "2010.01.10"]
[Round "3"]
[White "Medina Carrasco, Santiago"]
[Black "Rizouk, Aimen"]
[Result "0-1"]
[WhiteElo "2186"]
[BlackElo "2532"]
[PlyCount "98"]
[EventDate "2010.01.08"]
[SourceDate "2010.01.08"]

1. d4 Nf6 2. c4 e6 3. Nf3 b6 4. g3 Ba6 5. b3 d5 6. Bg2 Bb4+ 7. Bd2 Be7 8. O-O
O-O 9. Qc2 c6 10. Rd1 Nbd7 11. Bf4 Rc8 12. Nc3 Nh5 13. Bc1 f5 14. a4 Bb4 15.
Na2 Bd6 16. Bd2 Nhf6 17. a5 Ne4 18. axb6 axb6 19. Nc3 Ra8 20. Bf4 (20. Ra2)
20... Qe7 21. Nxe4 (21. Ne5) 21... fxe4 22. Ne5 Nxe5 23. Bxe5 (23. dxe5 Bc5 24.
h4) 23... Bxe5 24. dxe5 Bb7 (24... Qc5 $17) 25. Qb2 Qb4 26. Bh3 Rae8 27. Ra7
Rf7 28. Ra4 Qe7 {Diagrama #} 29. e3 (29. Ra7) 29... Qg5 $17 30. cxd5 $2 Qh5 31.
Qc2 exd5 32. e6 Rf6 33. Bg2 Rexe6 34. Ra7 Re7 35. Rd2 h6 36. Qa2 Kh7 37. Qa3
Qe5 38. Qb4 c5 39. Qb5 Qc3 40. Rxd5 Bc6 41. Rxe7 Bxb5 42. Bxe4+ Rg6 43. Rd6
Qe1+ 44. Kg2 Bf1+ 45. Kf3 Qe2+ 46. Kf4 Qg4+ 47. Ke5 Qg5+ 48. Bf5 Qxe7+ 49. Re6
Qxe6+ 0-1

[Event "XXXV Abierto Ciudad de Sevilla"]
[Site "?"]
[Date "2010.01.10"]
[Round "3"]
[White "Komljenovic, Davorin"]
[Black "Weber, Francois"]
[Result "1-0"]
[WhiteElo "2431"]
[BlackElo "2149"]
[PlyCount "90"]
[EventDate "2010.01.08"]
[SourceDate "2010.01.08"]

1. d4 e6 2. Nf3 f5 3. g3 Nf6 4. Bg2 d5 5. O-O Bd6 6. b3 Qe7 7. Bb2 O-O 8. Qc1
b5 9. c4 c6 10. a4 bxc4 11. bxc4 Ba6 12. Ne5 Rc8 13. c5 Bxe5 14. dxe5 Ne4 15.
Bxe4 fxe4 16. Re1 Nd7 17. Bd4 Rf8 18. Qc3 Qd8 19. Nd2 Rb8 20. f3 exf3 21. exf3
Rb7 22. f4 Qe7 23. Nb3 Qf7 24. Na5 Rc7 25. h4 Qf5 26. Kh2 Rb8 27. Ra3 Rb1 28.
Rxb1 Qxb1 29. Ra1 Qg6 30. Rd1 h5 31. Rd2 Qg4 32. Rb2 Qf5 33. Rd2 Qg4 34. Qe3
Qf5 35. Qf3 Rc8 36. Bg1 (36. Ra2) 36... g6 (36... Nxe5) 37. Qc3 Bf1 38. Bd4
Qh3+ 39. Kg1 Ba6 40. Qf3 Kg7 41. Rh2 Qf5 42. Rb2 Rc7 43. Kh2 Kf7 44. Qe3 Ke7
45. Bc3 Bf1 {Diagrama # Ilegible} 1-0

[Event "XXXV Abierto Ciudad de Sevilla"]
[Site "?"]
[Date "2010.01.10"]
[Round "3"]
[White "Torres Ventosa, Pedro Eugenio"]
[Black "Razmyslov, Alexander"]
[Result "0-1"]
[WhiteElo "2148"]
[BlackElo "2431"]
[PlyCount "138"]
[EventDate "2010.01.08"]
[SourceDate "2010.01.08"]

1. e4 e6 2. d4 d5 3. Nd2 Nc6 4. Ngf3 Nf6 5. e5 Nd7 6. Nb3 f6 7. Bb5 a5 8. a4
fxe5 {otras posibilidades en esta compleja línea son 8...Ae7, 8...Cdb8, 8...
Ab4+ y 8...Ca7} 9. dxe5 Qe7 $6 ({se conocía} 9... Be7 10. Nfd4 Ndxe5 11. f4 O-O
12. fxe5 Bb4+ 13. Ke2 Qh4 14. Nf3 Qg4 15. Kf2 Nxe5 16. Be2 b6 17. Rf1 Ba6 18.
Kg1 Bxe2 19. Qxe2 Bd6 20. Bd2 Rf5 21. Nfd4 Qxe2 22. Nxe2 Rxf1+ 23. Rxf1 Nc4 24.
Bc1 e5 25. Nc3 c6 26. Nd1 e4 27. Ne3 Nxe3 28. Bxe3 c5 29. Bf4 Rd8 30. Bxd6 Rxd6
31. Re1 Kf8 32. Nd2 Re6 33. Kf2 Rf6+ 34. Ke2 Rf4 35. Rf1 Rxf1 36. Nxf1 Ke7 37.
Ke3 Ke6 38. c4 Ke5 39. cxd5 Kxd5 40. Nd2 g6 41. b3 h6 42. Nc4 {
1-0 Fedorov,V-Ilic,Z/Bulgaria 1988}) 10. O-O h6 11. Bxc6 bxc6 12. Bd2 $16 c5
13. Nxa5 Nb6 14. Re1 Qf7 15. b3 Bd7 16. Qe2 (16. c4) 16... Be7 17. Qe3 Ra7 18.
c4 O-O 19. cxd5 Nxd5 20. Qe4 Rfa8 21. Nc4 Bc6 22. Qg4 Kh8 23. Rac1 Rb8 24. Na5
Be8 25. Re2 (25. Rb1) 25... Nb4 26. Nc4 Nd5 27. Na5 Ra6 28. Ne1 Nb4 29. Nc4 Nc6
30. Rc3 Nd4 31. Ree3 Qf5 32. Qxf5 (32. Qd1) 32... exf5 33. Nf3 (33. f4) 33...
Bf7 $11 34. a5 Bd5 35. h3 Rd8 {Diagrama #} 36. Bc1 (36. Rcd3) 36... Bxf3 37.
Rxf3 (37. gxf3 Bg5) 37... Nxf3+ 38. gxf3 Rd1+ 39. Kh2 Rg6 40. Ne3 Rdg1 41. f4
Bh4 42. Rc2 Bxf2 43. Rxf2 Rxc1 44. Nxf5 Ra1 45. Ne7 Ra6 46. Rd2 R1xa5 47. Rd8+
Kh7 48. f5 Ra8 49. Rd7 c4 50. bxc4 Rxe5 51. Kg3 Re4 52. Rxc7 Ra3+ 53. Kf2 Rd4
54. Nd5 Kg8 55. Rc8+ Kf7 56. Rc7+ Ke8 57. Rc8+ Kd7 58. Nb6+ Ke7 59. Nd5+ Kd6
60. Rd8+ Ke5 61. Re8+ Kxf5 62. Ne3+ Kg5 63. c5 Rc3 64. Re5+ Kf4 65. Rd5 Ra4 66.
Ng2+ Ke4 67. Rd7 Ra2+ 68. Kf1 Rf3+ 69. Kg1 Rg3 0-1

[Event "XXXV Abierto Ciudad de Sevilla"]
[Site "?"]
[Date "2010.01.11"]
[Round "4"]
[White "Razmyslov, Alexander"]
[Black "Vazquez Igarza, Renier"]
[Result "0-1"]
[WhiteElo "2431"]
[BlackElo "2560"]
[PlyCount "60"]
[EventDate "2010.01.08"]
[SourceDate "2010.01.08"]

1. d4 Nf6 2. c4 g6 3. Nc3 Bg7 4. e4 d6 5. Nf3 O-O 6. Be2 e5 7. O-O Nc6 8. Be3
Ng4 9. Bg5 f6 10. Bc1 f5 11. d5 Ne7 12. Ng5 Nf6 13. exf5 gxf5 (13... Nxf5 $5
14. Nge4 Nxe4 15. Nxe4 c5 16. Bg5 Qc7 {1/2-1/2 Jelen,I-Bukic,E/Ljubljana 1992})
14. f4 Ng6 {14...e4 y 14...exf4 son las alternativas teóricas} 15. fxe5 {
se ha jugado 15.Rh1} dxe5 16. c5 $5 ({lo conocido era} 16. Qb3 Qe7 {
1-0 Racherbaeumer,M-Matthaei,A/Muenster 1994}) 16... Kh8 17. Bc4 (17. Qb3 h6
18. Ne6 Bxe6 19. dxe6 Qd4+ 20. Kh1 Ng4 21. Nd1 Qxc5 22. Ne3 h5 $13) 17... h6
18. Ne6 Bxe6 19. dxe6 Qe7 {Diagrama #} 20. Na4 $2 (20. Rxf5 $4 Qxc5+) (20. Qe2
$5 f4 (20... Qxc5+ 21. Be3 Qe7 22. Rxf5 $16) 21. Bd3 Qxc5+ 22. Be3 Qxe3+ 23.
Qxe3 fxe3 24. Bxg6 $14) 20... Rad8 21. Qe2 Nd5 $17 22. Bxd5 Rxd5 23. Qh5 Kh7
24. c6 bxc6 25. Nc3 Rdd8 (25... Rd3) 26. Be3 Qxe6 27. Rae1 e4 28. Bc5 Rf7 29.
g4 $2 (29. Bxa7 Ra8 30. Bc5 Bxc3 31. bxc3 Qd5 $19) 29... Bxc3 30. bxc3 Rd5 0-1